000 00320nam a22001337a 4500
008 211011b ||||| |||| 00| 0 eng d
041 _aeng
080 _a821
082 _a821
100 _a21
101 _aGJL
245 _aHomer and the Nibelungenlied comparative studies in epic style
_cFenik,B
942 _2udc
_cBK
999 _c58134
_d58134